[Event "Hastings Masters op"]
[Site "Hastings"]
[Date "2023.12.30"]
[Round "3"]
[White "Lahlum, Hans Olav"]
[Black "Verbytski, Oleg"]
[Result "1/2-1/2"]
[WhiteElo "2037"]
[BlackElo "1771"]
[PlyCount "58"]
[EventDate "2023.12.28"]
[EventType "swiss"]
[EventRounds "9"]
[EventCountry "ENG"]
[SourceTitle "CB02_2024"]
[SourceDate "2024.01.10"]
[SourceVersion "1"]
[SourceVersionDate "2024.01.10"]
[SourceQuality "1"]

1. d4 d5 2. c4 e6 3. Nc3 Nf6 4. cxd5 exd5 5. Bg5 Nbd7 6. Nf3 Be7 7. e3 0-0 8. Bd3 Re8 9. Qc2 c6 10. 0-0 h6 11. Bh4 Ne4 12. Bxe7 Qxe7 13. b4 Ndf6 14. b5 Bd7 15. bxc6 Bxc6 16. Rac1 Rac8 17. Qb2 Rc7 18. Ne5 Rec8 19. Rc2 Nd7 20. Nxd7 Qxd7 21. Rfc1 Nxc3 22. Qxc3 g6 23. h3 Qd8 24. Be2 Ba4 25. Qxc7 Rxc7 26. Rxc7 Bc6 27. R1xc6 bxc6 28. Rxc6 Qa5 29. Ra6 Qe1+ 1/2-1/2

[Event "Prague Summer op 9th"]
[Site "Prague"]
[Date "2022.08.06"]
[Round "2"]
[White "Lahlum, Hans Olav"]
[Black "Lalic, Bogdan"]
[Result "1/2-1/2"]
[WhiteElo "2109"]
[BlackElo "2415"]
[PlyCount "28"]
[EventDate "2022.08.05"]
[EventType "swiss"]
[EventRounds "9"]
[EventCountry "CZE"]
[SourceTitle "CBM 209 Extra"]
[Source "ChessBase"]
[SourceDate "2022.09.30"]
[SourceVersion "1"]
[SourceVersionDate "2022.09.30"]
[SourceQuality "1"]

1. d4 Nf6 2. c4 e6 3. Nc3 Bb4 4. Qc2 b6 5. Bg5 Bb7 6. Nf3 h6 7. Bh4 g5 8. Bg3 Bxc3+ 9. Qxc3 Ne4 10. Qc2 d6 11. e3 Nd7 12. Bd3 f5 13. d5 Ndc5 14. Nd4 Qf6 1/2-1/2

[Event "Helsingor Xtracon op"]
[Site "Helsingor"]
[Date "2018.07.28"]
[Round "9"]
[White "Smeby, Ole"]
[Black "Lahlum, Hans Olav"]
[Result "1/2-1/2"]
[WhiteElo "1887"]
[BlackElo "2122"]
[PlyCount "30"]
[EventDate "2018.07.21"]
[EventType "swiss"]
[EventRounds "10"]
[EventCountry "DEN"]
[SourceTitle "CBM 185 Extra"]
[Source "ChessBase"]
[SourceDate "2018.07.29"]
[SourceVersion "1"]
[SourceVersionDate "2018.07.29"]
[SourceQuality "1"]

1. d4 d5 2. Nf3 Nf6 3. c4 c6 4. e3 Bf5 5. Bd3 Bxd3 6. Qxd3 e6 7. 0-0 Nbd7 8. Nc3 Bb4 9. Bd2 a5 10. a3 Bxc3 11. bxc3 0-0 12. cxd5 exd5 13. c4 dxc4 14. Qxc4 Ne4 15. Qc2 Ndf6 1/2-1/2

[Event "Helsingor Xtracon op"]
[Site "Helsingor"]
[Date "2018.07.27"]
[Round "8"]
[White "Lahlum, Hans Olav"]
[Black "Christensen, Jacob Foged"]
[Result "1-0"]
[WhiteElo "2122"]
[BlackElo "1916"]
[PlyCount "103"]
[EventDate "2018.07.21"]
[EventType "swiss"]
[EventRounds "10"]
[EventCountry "DEN"]
[SourceTitle "CBM 185 Extra"]
[Source "ChessBase"]
[SourceDate "2018.07.29"]
[SourceVersion "1"]
[SourceVersionDate "2018.07.29"]
[SourceQuality "1"]

1. d4 d5 2. c4 c6 3. Nf3 Nf6 4. Nc3 e6 5. e3 Nbd7 6. Qc2 Be7 7. Bd3 b6 8. e4 dxe4 9. Nxe4 Bb7 10. 0-0 Nxe4 11. Bxe4 Nf6 12. Bd3 0-0 13. Rd1 h6 14. Bf4 Qc8 15. Qd2 c5 16. Re1 cxd4 17. Bxh6 Rd8 18. Bxg7 Kxg7 19. Qg5+ Kf8 20. Qh6+ Ke8 21. Ne5 Nd7 22. Nxf7 Nf8 23. Ne5 Rd6 24. Qh5+ Kd8 25. Nf7+ Kd7 26. Nxd6 Bxd6 27. Qf7+ Be7 28. Bf5 Kd6 29. Qg7 Qc5 30. Be4 Kc7 31. b4 Qxb4 32. Bxb7 Kxb7 33. Qxd4 Rd8 34. Qe4+ Kb8 35. h4 Qc5 36. Rad1 Rc8 37. Rc1 Rd8 38. Red1 Rc8 39. g3 Qh5 40. Qf4+ Kb7 41. Kg2 Qg6 42. Qf3+ Kb8 43. Qf4+ Kb7 44. Qf3+ Kb8 45. h5 Qg5 46. Rc2 e5 47. Qf7 Bc5 48. Rd5 Rc7 49. Qe8+ Kb7 50. Rd8 Qf5 51. Rb8+ Ka6 52. Qb5# 1-0

[Event "Helsingor Xtracon op"]
[Site "Helsingor"]
[Date "2018.07.22"]
[Round "3"]
[White "Notkevich, Benjamin Arvola"]
[Black "Lahlum, Hans Olav"]
[Result "1-0"]
[WhiteElo "2471"]
[BlackElo "2122"]
[PlyCount "79"]
[EventDate "2018.07.21"]
[EventType "swiss"]
[EventRounds "10"]
[EventCountry "DEN"]
[SourceTitle "CBM 185 Extra"]
[Source "ChessBase"]
[SourceDate "2018.07.29"]
[SourceVersion "1"]
[SourceVersionDate "2018.07.29"]
[SourceQuality "1"]

1. d4 e6 2. c4 d5 3. Nc3 Nf6 4. Nf3 c6 5. Bg5 h6 6. Bh4 Be7 7. e3 0-0 8. Rc1 Nbd7 9. a3 Re8 10. Qc2 b6 11. Be2 Bb7 12. 0-0 dxc4 13. Bxc4 c5 14. dxc5 Nxc5 15. Bb5 Rf8 16. Rfd1 Qc8 17. b4 Nce4 18. Qb2 Rd8 19. Nd5 Rxd5 20. Rxc8+ Rxc8 21. Rxd5 Bxd5 22. Nd4 g5 23. Bg3 Nxg3 24. hxg3 Ne4 25. Ba6 Rc7 26. f3 Nd6 27. Nb5 Nxb5 28. Bxb5 Bd6 29. Kh2 Bc4 30. Qd4 Bxb5 31. Qxd6 Rd7 32. Qe5 Bc6 33. b5 Bd5 34. Qd4 e5 35. Qxe5 Be6 36. a4 Kh7 37. f4 gxf4 38. gxf4 Rd2 39. f5 Rd5 40. Qe4 1-0

[Event "Helsingor Xtracon op"]
[Site "Helsingor"]
[Date "2017.07.27"]
[Round "7"]
[White "Nielsen, Kai Gylling"]
[Black "Lahlum, Hans Olav"]
[Result "0-1"]
[WhiteElo "1808"]
[BlackElo "2131"]
[PlyCount "72"]
[EventDate "2017.07.22"]
[EventType "swiss"]
[EventRounds "10"]
[EventCountry "DEN"]
[SourceTitle "CBM 179 Extra"]
[Source "ChessBase"]
[SourceDate "2017.08.23"]
[SourceVersion "1"]
[SourceVersionDate "2017.08.23"]
[SourceQuality "1"]

1. Nf3 d5 2. d4 e6 3. Bf4 Nf6 4. h3 c5 5. e3 Qb6 6. b3 Nc6 7. Ne5 cxd4 8. Nxc6 bxc6 9. exd4 c5 10. Be5 Ne4 11. Bd3 f6 12. Bh2 cxd4 13. 0-0 Be7 14. Qe2 0-0 15. Bxe4 dxe4 16. Qxe4 Bb7 17. Qg4 e5 18. Nd2 Qc6 19. Nc4 Ba6 20. c3 Bxc4 21. bxc4 dxc3 22. Rac1 Bb4 23. f4 Qc5+ 24. Kh1 Qxc4 25. fxe5 Qxg4 26. hxg4 fxe5 27. Rxf8+ Kxf8 28. Bxe5 Rc8 29. Rc2 g6 30. g5 Ke7 31. Kg1 Ke6 32. Bf6 Kd5 33. Kf2 Kc4 34. Ke2 Re8+ 35. Kd1 Kd3 36. Rf2 c2+ 0-1

[Event "Helsingor Xtracon op"]
[Site "Helsingor"]
[Date "2017.07.26"]
[Round "6"]
[White "Lahlum, Hans Olav"]
[Black "Mehringer, Joerg"]
[Result "0-1"]
[WhiteElo "2131"]
[BlackElo "1918"]
[PlyCount "66"]
[EventDate "2017.07.22"]
[EventType "swiss"]
[EventRounds "10"]
[EventCountry "DEN"]
[SourceTitle "CBM 179 Extra"]
[Source "ChessBase"]
[SourceDate "2017.08.23"]
[SourceVersion "1"]
[SourceVersionDate "2017.08.23"]
[SourceQuality "1"]

1. d4 Nf6 2. c4 e6 3. Nc3 Bb4 4. Qc2 Bxc3+ 5. Qxc3 Ne4 6. Qc2 f5 7. e3 c5 8. Bd3 Qa5+ 9. Kf1 Nf6 10. Bd2 Qb6 11. dxc5 Qxc5 12. b4 Qc7 13. Nf3 Nc6 14. b5 Ne7 15. Bb4 b6 16. Qb2 Bb7 17. Rc1 d6 18. Qa3 Rd8 19. Ke2 0-0 20. Rhd1 Nc8 21. Nd4 Rfe8 22. f3 g6 23. Kf2 e5 24. Nb3 e4 25. Be2 exf3 26. gxf3 d5 27. Rh1 Qe5 28. Nd4 f4 29. Nc2 fxe3+ 30. Qxe3 Qf5 31. Qd3 Ne4+ 32. Ke1 Qf4 33. Qa3 Qh4+ 0-1

[Event "Rilton Cup 46th"]
[Site "Stockholm"]
[Date "2017.01.02"]
[Round "6"]
[White "Lahlum, Hans Olav"]
[Black "Louis, Thibault"]
[Result "0-1"]
[WhiteElo "2145"]
[BlackElo "2316"]
[PlyCount "108"]
[EventDate "2016.12.27"]
[EventType "swiss"]
[EventRounds "9"]
[EventCountry "SWE"]
[SourceTitle "CBM 176 Extra"]
[Source "ChessBase"]
[SourceDate "2017.03.02"]
[SourceVersion "1"]
[SourceVersionDate "2017.03.02"]
[SourceQuality "1"]

1. d4 Nf6 2. c4 e6 3. Nc3 Bb4 4. e3 b6 5. Nge2 Ba6 6. Ng3 h5 7. h4 Bb7 8. Qd3 d5 9. cxd5 Nxd5 10. Be2 g6 11. e4 Nxc3 12. bxc3 Be7 13. Bg5 Bxg5 14. Qb5+ Nd7 15. Qxg5 Qxg5 16. hxg5 Ke7 17. Bd3 c5 18. Kd2 Rhd8 19. Ke3 Rac8 20. Ne2 Nb8 21. f4 Ba6 22. Rab1 Bxd3 23. Kxd3 Nc6 24. Ke3 cxd4+ 25. cxd4 Nxd4 26. Rhc1 Nc2+ 27. Kf2 Rc5 28. Rd1 Rxd1 29. Rxd1 Nb4 30. Rd2 a5 31. Ke3 Nc2+ 32. Kf3 b5 33. g4 hxg4+ 34. Kxg4 b4 35. e5 a4 36. Nd4 Nxd4 37. Rxd4 Rb5 38. Rd2 b3 39. axb3 axb3 40. Rb2 Kd7 41. Kf3 Kc6 42. Ke4 Kc5 43. Kd3 Kb4 44. Rb1 Rd5+ 45. Ke3 Rc5 46. Kd3 Rc3+ 47. Kd4 Rf3 48. Ke4 Rc3 49. Kd4 Rc7 50. Kd3 Rd7+ 51. Ke3 Ka3 52. Ra1+ Kb2 53. Ra6 Rc7 54. Kd2 Rc4 0-1

[Event "Rilton Cup 46th"]
[Site "Stockholm"]
[Date "2017.01.01"]
[Round "5"]
[White "Betaneli, Aleksandr"]
[Black "Lahlum, Hans Olav"]
[Result "1/2-1/2"]
[WhiteElo "2252"]
[BlackElo "2145"]
[PlyCount "81"]
[EventDate "2016.12.27"]
[EventType "swiss"]
[EventRounds "9"]
[EventCountry "SWE"]
[SourceTitle "CBM 176 Extra"]
[Source "ChessBase"]
[SourceDate "2017.03.02"]
[SourceVersion "1"]
[SourceVersionDate "2017.03.02"]
[SourceQuality "1"]

1. c4 e6 2. g3 d5 3. Bg2 Nf6 4. Nf3 d4 5. 0-0 c5 6. e3 Nc6 7. exd4 cxd4 8. d3 Be7 9. Re1 0-0 10. Na3 Bd6 11. Nc2 e5 12. b4 Re8 13. c5 Bc7 14. Bg5 Bg4 15. h3 Bh5 16. g4 Bg6 17. b5 Na5 18. Nb4 Qd7 19. Bxf6 gxf6 20. c6 bxc6 21. Nd2 cxb5 22. Ne4 Bxe4 23. Bxe4 Rab8 24. Nd5 Bd8 25. Rc1 Kg7 26. Qf3 Qe6 27. Rc5 Nc6 28. Nc7 Bxc7 29. Rxc6 Bd6 30. Rec1 Rec8 31. Bf5 Rxc6 32. Rxc6 Qe7 33. h4 Rb6 34. Rxb6 axb6 35. Qe4 Qc7 36. Bxh7 Qc1+ 37. Kg2 Qh6 38. Bf5 Qxh4 39. Qb7 Qh8 40. Qxb6 Qb8 41. Qxb8 1/2-1/2

[Event "NOR-chT 1415"]
[Site "Norway"]
[Date "2015.01.11"]
[Round "6.1"]
[White "Gabrielsen, Trond"]
[Black "Lahlum, Hans Olav"]
[Result "1/2-1/2"]
[WhiteElo "2277"]
[BlackElo "2196"]
[PlyCount "58"]
[EventDate "2014.10.31"]
[EventType "team-tourn"]
[EventRounds "11"]
[EventCountry "NOR"]
[SourceTitle "EXT 2016"]
[Source "ChessBase"]
[SourceDate "2015.10.08"]
[SourceVersion "1"]
[SourceVersionDate "2015.10.08"]
[SourceQuality "1"]
[WhiteTeam "Bergens"]
[BlackTeam "Oslo Akademisk"]
[WhiteTeamCountry "NOR"]
[BlackTeamCountry "NOR"]

1. e4 e6 2. d4 d5 3. e5 c5 4. c3 Qb6 5. Nf3 Nc6 6. a3 Nh6 7. b4 cxd4 8. cxd4 Nf5 9. Be3 Bd7 10. Bd3 Nxe3 11. fxe3 Rc8 12. 0-0 Be7 13. Qe1 0-0 14. Nc3 f5 15. exf6 Bxf6 16. Rc1 Qd8 17. Qg3 Qe7 18. Rc2 a6 19. Rfc1 Nd8 20. Ne5 Bxe5 21. Qxe5 Nc6 22. Qg3 Na7 23. h3 a5 24. bxa5 Qxa3 25. Qh4 g6 26. Qg5 Rf7 27. h4 Qe7 28. Qg3 Bc6 29. a6 bxa6 1/2-1/2